Catálogo

E-COMMERCE (Registro nro. 28263)

Detalles MARC
000 -LEADER
fixed length control field 00432nam a2200181 a 4500
001 - CONTROL NUMBER
control field 28263
005 - DATE AND TIME OF LATEST TRANSACTION
control field 20180713231121.0
008 - FIXED-LENGTH DATA ELEMENTS--GENERAL INFORMATION
fixed length control field 140415s2004 000 0 spa d
020 ## - INTERNATIONAL STANDARD BOOK NUMBER
International Standard Book Number 9701037227
041 ## - LANGUAGE CODE
Language code of text/sound track or separate title spa
082 ## - DEWEY DECIMAL CLASSIFICATION NUMBER
Classification number 382
Item number RAY
100 1# - MAIN ENTRY--PERSONAL NAME
Personal name F. RAYPORT ,JEFFREY
245 10 - TITLE STATEMENT
Title E-COMMERCE
250 ## - EDITION STATEMENT
Edition statement 1a ed.
260 ## - PUBLICATION, DISTRIBUTION, ETC.
Place of publication, distribution, etc. [s.l.] :
Name of publisher, distributor, etc. MC GRAW HILL,
Date of publication, distribution, etc. 2004
300 ## - PHYSICAL DESCRIPTION
Extent 493
Dimensions 19 x 3 x 24
520 ## - SUMMARY, ETC.
Summary, etc. RP
Existencias
Withdrawn status Lost status Source of classification or shelving scheme Damaged status Not for loan Collection code Home library Current library Shelving location Date acquired Source of acquisition Total Checkouts Full call number Barcode Date last seen Price effective from Koha item type
    Dewey Decimal Classification     General Tehuacán Tehuacán Sala general 03/12/2013 Compra   382 RAY 501811 08/01/2025 03/12/2013 Libro